Table Tennis WTT Series 2026 tournaments - Statistics

General Stats
  • This quiz has been taken 8 times
  • The average score is 18 of 27
Answer Stats
Tournament Answer Dates Country % Correct
Champions Doha 7-11 Jan Qatar
88%
Star Contender Doha 13-18 Jan Qatar
88%
Contender Lagos 19-24 May Nigeria
88%
Star Contender London 15-20 Sep UK
88%
Champions Montpellier 27 Oct - 1 Nov France
88%
Contender Buenos Aires 14-19 Jul Argentina
75%
Smash China 1-11 Oct
75%
Champions Chongqing 10-15 Mar China
75%
Contender Muscat 19-24 Jan Oman
75%
Star Contender Muscat 16-21 Nov Oman
75%
Smash Singapore 19 Feb-1 Mar
75%
Contender Skopje 1-7 Jun North Macedonia
75%
Smash Sweden 8-16 Aug
75%
Contender Tunis 24-29 Mar Tunisia
75%
Contender Zagreb 9-14 Jun Croatia
75%
Contender Almaty 1-6 Sep Kazakhstan
63%
Star Contender Ljubljana 16-21 Jun Slovenia
63%
Smash United States 25 Jun - 5 Jul
63%
Champions Yokohama 4-9 Aug Japan
63%
Star Contender Brazil 21-26 Jul
50%
Champions Germany 3-8 Nov
50%
Finals Hong Kong 8-13 Dec
50%
Contender Istanbul 10-15 Nov Turkey
50%
Contender Taiyuan 7-12 Apr China
50%
Star Contender Chennai 10-15 Feb India
38%
Contender Panagyurishte 8-13 Sep Bulgaria
38%
Champions Macao 8-13 Sep
25%
No matching quizzes found
Score Distribution
Percent of People with Each Score
Percentile by Number Answered
Your Score History
You have not taken this quiz